La Calidad del empleo: la experiencia de los países latinoamericanos y de los Estados Unidos /
Guardado en:
| Hovedforfatter: | |
|---|---|
| Andre forfattere: | |
| Format: | Texto |
| Udgivet: |
OIT
|
| Fag: | |
| Tags: |
Tilføj Tag
Ingen Tags, Vær først til at tagge denne postø!
|
MARC
| LEADER | 00000 a a2200000 04500 | ||
|---|---|---|---|
| 001 | 32639 | ||
| 003 | |||
| 040 | |a CRAI/IIS |c CRAI/IIS | ||
| 020 | |a 92-2-311809-3 | ||
| 090 | |a 199501 | ||
| 100 | |a Infante, Ricardo | ||
| 245 | |a La Calidad del empleo: la experiencia de los países latinoamericanos y de los Estados Unidos / |c Ricardo Infante | ||
| 260 | |a OIT | ||
| 300 | |a 264 p. | ||
| 650 | |a EMPLEO | ||
| 650 | |a CONDICIONES DE TRABAJO | ||
| 650 | |a INVESTIGACION | ||
| 650 | |a POLITICA DE EMPLEO | ||
| 650 | |a ESTADOS UNIDOS | ||
| 650 | |a AMERICA LATINA | ||
| 700 | |a ed. | ||
| 999 | |c 17476 |d 17476 | ||



